The Colorado Mathematical Olympiad: The Third Decade and Further Explorations (Запис № 447252)

МАРК-запис
000 -LEADER
fixed length control field 06835nam a22005775i 4500
001 - CONTROL NUMBER
control field 978-3-319-52861-8
003 - CONTROL NUMBER IDENTIFIER
control field DE-He213
005 - DATE AND TIME OF LATEST TRANSACTION
control field 20210118130105.0
007 - PHYSICAL DESCRIPTION FIXED FIELD--GENERAL INFORMATION
fixed length control field cr nn 008mamaa
008 - FIXED-LENGTH DATA ELEMENTS--GENERAL INFORMATION
fixed length control field 170428s2017 gw | s |||| 0|eng d
020 ## - INTERNATIONAL STANDARD BOOK NUMBER
International Standard Book Number 9783319528618
-- 978-3-319-52861-8
024 7# - OTHER STANDARD IDENTIFIER
Standard number or code 10.1007/978-3-319-52861-8
Source of number or code doi
050 #4 - LIBRARY OF CONGRESS CALL NUMBER
Classification number QA241-247.5
072 #7 - SUBJECT CATEGORY CODE
Subject category code PBH
Source bicssc
072 #7 - SUBJECT CATEGORY CODE
Subject category code MAT022000
Source bisacsh
072 #7 - SUBJECT CATEGORY CODE
Subject category code PBH
Source thema
082 04 - DEWEY DECIMAL CLASSIFICATION NUMBER
Classification number 512.7
Edition number 23
100 1# - MAIN ENTRY--PERSONAL NAME
Personal name Soifer, Alexander.
Relator term author.
Relator code aut
-- http://id.loc.gov/vocabulary/relators/aut
245 14 - TITLE STATEMENT
Title The Colorado Mathematical Olympiad: The Third Decade and Further Explorations
Medium [electronic resource] :
Remainder of title From the Mountains of Colorado to the Peaks of Mathematics /
Statement of responsibility, etc by Alexander Soifer.
250 ## - EDITION STATEMENT
Edition statement 1st ed. 2017.
264 #1 -
-- Cham :
-- Springer International Publishing :
-- Imprint: Springer,
-- 2017.
300 ## - PHYSICAL DESCRIPTION
Extent LII, 259 p. 126 illus., 47 illus. in color.
Other physical details online resource.
336 ## -
-- text
-- txt
-- rdacontent
337 ## -
-- computer
-- c
-- rdamedia
338 ## -
-- online resource
-- cr
-- rdacarrier
347 ## -
-- text file
-- PDF
-- rda
505 0# - FORMATTED CONTENTS NOTE
Formatted contents note Twenty-First Colorado Mathematical Olympiad: April 16, 2004   -- Twenty-Second Colorado Mathematical Olympiad: April 22, 2005  .-Twenty-Third Colorado Mathematical Olympiad: April 21, 2006   -- Twenty-Fourth Colorado Mathematical Olympiad: April 20, 2007 -- Twenty-Fifth Colorado Mathematical Olympiad: April 18, 2008 .-Twenty-Sixth Colorado Mathematical Olympiad: April 17, 2009 .-Twenty-Seventh Colorado Mathematical Olympiad: April 23, 2010 -- Twenty-Eighth Colorado Mathematical Olympiad: April 22, 2011 -- Twenty-Ninth Colorado Mathematical Olympiad: April 20, 2012 -- Thirtieth Colorado Mathematical Olympiad: April 26, 2013 -- A Round Table Discussion of the Olympiad,or Looking Back from a 30-Year Perspective -- E21. Cover-Up with John Conway, Mitya Karabash, and Ron Graham -- E22. Deep Roots of Uniqueness -- E23. More about Love and Death -- E24. One Amazing Problem and its Connections to Everything: A Conversation in Three Movements -- E25. The Story of One Erdős Problem -- E26. Mark Heim’s Proof -- E27. Coloring Integers – Entertainment of Mathematical Kind -E28. The Erdős Number and Hamiltonian Mysteries -- E29. One Old Erdős–Turán Problem -- E30. Birth of a Problem: The Story of Creation in Seven Stages -- Movement 1. The Colorado Mathematical Olympiad is mathematics; it is sport; it is art. And it is also community, by Matthew Kahle -- Movement 2. I've begun paying off my debt with new kids, by Aaron Parsons -- Movement 3. Aesthetic of Personal Mastery, by Hannah Alpert -- Movement 4. Colorado Mathematical Olympiad: Reminiscences by Robert Ewell.  .
520 ## - SUMMARY, ETC.
Summary, etc Now in its third decade, the Colorado Mathematical Olympiad (CMO), founded by the author, has become an annual state-wide competition, hosting many hundreds of middle and high school contestants each year. This book presents a year-by-year history of the CMO from 2004–2013 with all the problems from the competitions and their solutions. Additionally, the book includes 10 further explorations, bridges from solved Olympiad problems to ‘real’ mathematics, bringing young readers to the forefront of various fields of mathematics. This book contains more than just problems, solutions, and event statistics — it tells a compelling story involving the lives of those who have been part of the Olympiad, their reminiscences of the past and successes of the present. I am almost speechless facing the ingenuity and inventiveness demonstrated in the problems proposed in the third decade of these Olympics. However, equally impressive is the drive and persistence of the originator and living soul of them. It is hard for me to imagine the enthusiasm and commitment needed to work singlehandedly on such an endeavor over several decades. —Branko Grünbaum, University of Washington After decades of hunting for Olympiad problems, and struggling to create Olympiad problems, he has become an extraordinary connoisseur and creator of Olympiad problems.  The Olympiad problems were very good, from the beginning, but in the third decade the problems have become extraordinarily good.  Every brace of 5 problems is a work of art.  The harder individual problems range in quality from brilliant to work-of-genius… The same goes for the “Further Explorations” part of the book.  Great mathematics and mathematical questions are immersed in a sauce of fascinating anecdote and reminiscence.  If you could have only one book to enjoy while stranded on a desert island, this would be a good choice.   —Peter D. Johnson, Jr., Auburn University Like Gauss, Alexander Soifer would not hesitate to inject Eureka! at the right moment. Like van der Waerden, he can transform a dispassionate exercise in logic into a compelling account of sudden insights and ultimate triumph. — Cecil Rousseau Chair, USA Mathematical Olympiad Committee A delightful feature of the book is that in the second part more related problems are discussed. Some of them are still unsolved. —Paul Erdős The book is a gold mine of brilliant reasoning with special emphasis on the power and beauty of coloring proofs. Strongly recommended to both serious and recreational mathematicians on all levels of expertise. —Martin Gardner.
506 ## - RESTRICTIONS ON ACCESS NOTE
Terms governing access Available to subscribing member institutions only. Доступно лише організаціям членам підписки.
506 ## - RESTRICTIONS ON ACCESS NOTE
Standardized terminology for access restriction Online access from local network of NaUOA.
506 ## - RESTRICTIONS ON ACCESS NOTE
Standardized terminology for access restriction Online access with authorization at https://link.springer.com/
506 ## - RESTRICTIONS ON ACCESS NOTE
Standardized terminology for access restriction Онлайн-доступ з локальної мережі НаУОА.
506 ## - RESTRICTIONS ON ACCESS NOTE
Standardized terminology for access restriction Онлайн доступ з авторизацією на https://link.springer.com/
650 #0 - SUBJECT ADDED ENTRY--TOPICAL TERM
Topical term or geographic name as entry element Number theory.
650 #0 - SUBJECT ADDED ENTRY--TOPICAL TERM
Topical term or geographic name as entry element Algebra.
650 #0 - SUBJECT ADDED ENTRY--TOPICAL TERM
Topical term or geographic name as entry element Mathematical logic.
650 #0 - SUBJECT ADDED ENTRY--TOPICAL TERM
Topical term or geographic name as entry element Geometry.
650 14 - SUBJECT ADDED ENTRY--TOPICAL TERM
Topical term or geographic name as entry element Number Theory.
-- http://scigraph.springernature.com/things/product-market-codes/M25001
650 24 - SUBJECT ADDED ENTRY--TOPICAL TERM
Topical term or geographic name as entry element Algebra.
-- http://scigraph.springernature.com/things/product-market-codes/M11000
650 24 - SUBJECT ADDED ENTRY--TOPICAL TERM
Topical term or geographic name as entry element Mathematical Logic and Foundations.
-- http://scigraph.springernature.com/things/product-market-codes/M24005
650 24 - SUBJECT ADDED ENTRY--TOPICAL TERM
Topical term or geographic name as entry element Geometry.
-- http://scigraph.springernature.com/things/product-market-codes/M21006
710 2# - ADDED ENTRY--CORPORATE NAME
Corporate name or jurisdiction name as entry element SpringerLink (Online service)
773 0# - HOST ITEM ENTRY
Title Springer eBooks
776 08 - ADDITIONAL PHYSICAL FORM ENTRY
Display text Printed edition:
International Standard Book Number 9783319528595
776 08 - ADDITIONAL PHYSICAL FORM ENTRY
Display text Printed edition:
International Standard Book Number 9783319528601
856 40 - ELECTRONIC LOCATION AND ACCESS
Uniform Resource Identifier <a href="https://doi.org/10.1007/978-3-319-52861-8">https://doi.org/10.1007/978-3-319-52861-8</a>
912 ## -
-- ZDB-2-SMA
942 ## - ADDED ENTRY ELEMENTS (KOHA)
Koha item type ЕКнига

Немає доступних примірників.